| 000 | 02414cam a22002657a 4500 | ||
|---|---|---|---|
| 001 | 17022862 | ||
| 005 | 20150322124110.0 | ||
| 008 | 111027s2010 gw a b 001 0 eng | ||
| 020 | _a9783527324750 (hbk.) | ||
| 020 | _a3527324755 (hbk.) | ||
| 040 |
_aUKM _cUKM _dYDXCP _dC#P _dBWX _dAGL _dCDX _dBTCTA _dUWO _dLHU _dDLC |
||
| 082 | 0 | 0 |
_a662.6 _222 _bCAR |
| 245 | 0 | 0 |
_aCarbon dioxide as chemical feedstock / _cedited by Michele Aresta. |
| 260 |
_aWeinheim : _bWiley-VCH, _cc.2010. |
||
| 300 |
_axix, 394 p. : _bill. ; _c25 cm. |
||
| 504 | _aIncludes bibliographical references and index. | ||
| 505 | 0 | _a1 Carbon Dioxide: Utilization Options to Reduce its Accumulation in the Atmosphere -- 2 Utilization of Dense Carbon Dioxide as an Inert Solvent for Chemical Syntheses -- 3 Autotrophic Carbon Fixation in Biology: Pathways, Rules, and Speculations -- 4 Carbon Dioxide Coordination Chemistry and Reactivity of Coordinated CO2 -- 5 Main Group Element- and Transition Metal-Promoted Carboxylation of Organic Substrates -- 6 The Chemistry of N-CO2 Bonds: Synthesis of Carbamic Acids and Their Derivatives, Isocyanates, and Ureas -- 7 Synthesis of Linear and Cyclic Carbonates -- 8 Polymers from Carbon Dioxide: Polycarbonates, Polythiocarbonates, and Polyurethanes -- 9 In-Situ Study of Carbon Deposition during CO2 Reforming of Methane for Synthesis Gas Production, Using the Tapered Element Oscillation Microbalance -- 10 Utilization of Carbon Dioxide through Nonthermal Plasma Approaches -- 11 Photochemical, Electrochemical, and Photoelectrochemical Reduction of Carbon Dioxide -- 12 Recent Scientific and Technological Developments in Electrochemical Carboxylation Based on Carbon Dioxide -- 13 Indirect Utilization of Carbon Dioxide: Utilization of Terrestrial and Aquatic Biomass -- 14 Fixation of Carbon Dioxide into Inorganic Carbonates: The Natural and Artificial "Weathering of Silicates" | |
| 520 | 1 | _a"This ready reference closely investigates the use of CO[subscript 2] for the synthesis of carboxylates, carbonates, carbamates, isocyanates, and polymeric materials, as well as a solvent, in electro- and photoelectro-chemistry, biomass enhanced production and much more besides."--BOOK JACKET. | |
| 650 | 0 | _aFeedstock. | |
| 650 | 0 |
_aCarbon dioxide _xIndustrial applications. |
|
| 653 |
_bENGCHE _cMarch2015 |
||
| 655 |
_vreading book _934232 |
||
| 700 | 1 |
_aAresta, M. _q(Michele), _d1940- |
|
| 942 | _2ddc | ||
| 999 |
_c19091 _d19063 |
||